LEADER 01226nam a2200289 u 4500 001 000000007990 003 CaOOAMICUS 005 20070226105038.0 008 941110s1956 fr u000 u fre u 035 $a10207007 040 $aPUL(R)$bita 100 1 $aGalter, Albert.$0(OLS)http://pul/name/7957 245 13$aLe communisme et l'église catholique :$ble "livre rouge" de la persécution /$cAlbert Galter. 260 $aParis :$bFleurus,$c1956. 300 $a445 p. ;$c22 cm 490 1 $aCollection "Questions pastorales" 500 $aInclude indici. 504 $aBibliografia in nota. 650 4$aCristianesimo e comunismo.$0(OLS)http://pul/subject/12720 650 4$aMarxismo e Cattolicesimo.$0(OLS)http://pul/subject/5613 830 0$aCollection "Questions pastorales".$0(OLS)http://pul/title/11627 850 $aPUL 852 $aPUL$W1$xDP1 Cons. Gen., Altre Classi 1$y22$m45 D 54$j11328$nBK-PRI$b $qStampati$B11328$CPULBib$Z2$F11328 $H $81 941 1 $a8 961 $aINV: 24958 996 $6245$aLe communisme et l'église catholique :$ble "livre rouge" de la persécution$9(OLS)http://pul/title/11626 996 $6260$aParis :$bFleurus$9(OLS)http://pul/publisher/51921 LEADER 01461nam a2200337 a 4500 001 000000133518 003 CaOOAMICUS 005 20130411125058.0 008 130411s2005 it ak u000 u ita r 020 $a88-428-1068-1 040 $aPUL$bita 041 1 $aita$heng 082 04$a160 100 1 $aHacking, Ian.$0(OLS)http://pul/name/44331 240 10$aIntroduction to probability and inductive logic.$lItaliano.$0(OLS)http://pul/title/168752 245 10$aIntroduzione alla probabilità e alla logica induttiva /$cIan Hacking ; traduzione di Gianni Rigamonti. 260 $aMilano :$bIl Saggiatore,$c2005. 300 $a380 p. :$bill., formulari ;$c22 cm 490 1 $aBiblioteca ;$v15 650 4$aLogica$xStudi.$0(OLS)http://pul/subject/35370 650 4$aCalcolo delle probabilità.$0(OLS)http://pul/subject/36655 700 1 $aRigamonti, Gianni.$0(OLS)http://pul/name/704 830 0$aBiblioteca (Il Saggiatore) ;$v15.$0(OLS)http://pul/title/168754 850 $aPUL 852 $aPUL$W1$xSL Filosofia 3$y81$m160 HACIA 1$j153452$qDDC 21$B153018$CPULBib$Z2$F153018 $H122120 $82 941 1 $a9 996 $6020$a88-428-1068-1$9(OLS)http://pul/number/152394 996 $6082$a160$9(OLS)http://pul/classification/596 996 $6245$aIntroduzione alla probabilità e alla logica induttiva$9(OLS)http://pul/title/168753 996 $6260$aMilano :$bIl Saggiatore$9(OLS)http://pul/publisher/49408